| 000 | 00740nam a2200217 i 4500 | ||
|---|---|---|---|
| 001 | 148154 | ||
| 003 | ES-MaACL | ||
| 005 | 20240224063112.0 | ||
| 007 | t| | ||
| 008 | 070214s1934 fr r ||||1| fre d | ||
| 100 | 1 |
_aStalin, Iosif Vissarionovich, _d1879-1953 _9107862 |
|
| 245 | 1 | 3 |
_aLa revolution d'octobre _b: (recueil d'articles et de discours) / _cIosif Vissarionovich Stalin. |
| 260 |
_aParis : _bEditions Sociales Internationales, _c1934. |
||
| 300 |
_a173 p. ; _c23 cm. |
||
| 490 | 1 | _aBibliothèque marxiste | |
| 650 | 0 | 4 |
_aMarxismo. _914803 |
| 651 | 4 |
_aRusia- _xHistoria- _y1917-1921, Revolución. _99336 |
|
| 830 | 0 |
_aBibliothèque marxiste _9220981 |
|
| 852 |
_aES-MaACL _jA-2505 |
||
| 999 |
_c148154 _d148154 |
||